Grab Bag (A-Z) II Quiz Stats

 Plays Quiz Updated Dec 6, 2017

Also try: Grab Bag (A-Z)
Challenge
Share
Tweet
Embed
Score 0/26 Timer 04:00
2 Plays Today
Category Answer % Correct
3 Letter Body Partear, eye
98.3%
U.S. StateIdaho, Illinois, Indiana, Iowa
97.8%
Country-EuropeFinland, France
97.7%
Number (1-19)two, three, ten, twelve, thirteen
95.2%
U.S. City (100 most populous)Dallas, Detroit, Denver, Durham
95.2%
Country-South AmericaBolivia, Brazil
94.4%
Country-Begins with 'United'United States, United Kingdom, United Arab Emirates
92.7%
Pope NamePaul, Peter, Pius, Paschal, Palagius, Pontian
92.4%
Canadian ProvinceQuebec
91.8%
Country-AfricaZambia, Zimbabwe
85.9%
U.S. PresidentAdams, Adams, Arthur
85.6%
NBA MVP (Multiple)Jordan, Johnson, James
81.1%
World CapitalWashington, Warsaw, Wellington, Windhoek
77.8%
Category Answer % Correct
Country-AsiaSaudi Arabia, Singapore, South Korea, Sri Lanka, Syria
77.7%
NBA Team NicknameHawks, Heat, Hornets
75%
Beatles #1 hit (U.S. or U.K.)Yesterday, Yellow Submarine
72.6%
Periodic Table Elementgadolinium, gallium, germanium, gold
70.2%
Country-OceaniaNauru, New Zealand
68.7%
U.S. State CapitalLansing, Lincoln, Little Rock
61.6%
NFL MVP (AP)Manning, Marino, Montana, Morrall, Moseley
59.8%
Best Picture (1928-69)Cavalcade, Casablanca, Cimarron
55.2%
Country-Former USSRKazakhstan, Kyrgyzstan
53.8%
Persian King (Name)Xerxes
46.9%
AL MVPRice, Ripken, Rizzuto, Robinson, Robinson, Rodriguez, Rodriguez, Rosen
43.2%
Best Picture (since '70)One Flew Over the Cuckoo's Nest, Ordinary People, Out of Africa
19.4%
Chief Justice or Fed Chairman (U.S.)Vinson, Volcker
9.7%

You're not logged in!

Compare scores with friends on all Sporcle quizzes.
Join for Free
OR
Log In

You Might Also Like...

Show Comments

Extras

Top Quizzes Today


Score Distribution

Your Account Isn't Verified!

In order to create a playlist on Sporcle, you need to verify the email address you used during registration. Go to your Sporcle Settings to finish the process.

Report this User

Report this user for behavior that violates our Community Guidelines.

Details: